| 000 | 01012nam a2200301 a 4500 | ||
|---|---|---|---|
| 001 | 000115634 | ||
| 003 | CHAP | ||
| 005 | 20220329144542.0 | ||
| 008 | 190617s2014 ag |r| ||||||spa d | ||
| 010 | _a112095 | ||
| 011 | _a113067 | ||
| 020 | _a9789876880688 | ||
| 040 | _cCHAP | ||
| 082 | 0 | 4 |
_a338.9 _bM59 |
| 245 | 0 | 0 |
_aMetodología para generar indicadores de sustentabilidad de sistemas productivos : _bRegión Centro Oeste de Argentina / _ceditado por Roberto Ángel Seiler y Ana María Vianco. |
| 260 |
_aArgentina : _bUniRío. Universidad Nacional Autónoma Rio Cuarto, _c2014. |
||
| 300 | _a194 p. | ||
| 490 | _aColección Académico Científica | ||
| 590 |
_aE5765TAJ _b05 _c20190617 _lUCH01 _h1234 |
||
| 650 | 1 | 4 |
_aMedio ambiente. _974065 |
| 650 | 1 | 4 |
_aSistemas de producción. _9106767 |
| 700 | 1 |
_aSeiler, Roberto Ángel _eed. _9136100 |
|
| 700 | 1 |
_aVianco, Ana María _eed. _9136101 |
|
| 830 | 0 |
_aColección Académico Científica _9136102 |
|
| 901 | _aBK | ||
| 942 | _cLIBRO | ||
| 942 | _n0 | ||
| 999 |
_c112095 _d112095 |
||